Histoire des francs / (Record no. 146470)

MARC details
000 -LEADER
campo de control de longitud fija 00822nam a2200229 i 4500
001 - NÚMERO DE CONTROL
campo de control 146470
003 - IDENTIFICADOR DE NÚMERO DE CONTROL
campo de control ES-MaACL
005 - FECHA Y HORA DE LA ÚLTIMA TRANSACCIÓN
campo de control 20230906201538.0
007 - CAMPO FIJO DE DESCRIPCIÓN FÍSICA--INFORMACIÓN GENERAL
campo de control de longitud fija t|
008 - DATOS DE LONGITUD FIJA--INFORMACIÓN GENERAL
campo de control de longitud fija 070911s1913 fr ||||1| fre d
100 1# - ENTRADA PRINCIPAL--NOMBRE DE PERSONA
Nombre de persona Gregorio de Tours
Títulos y otros términos asociados al nombre Santo.
9 (RLIN) 111152
245 10 - MENCIÓN DEL TÍTULO
Título Histoire des francs /
Mención de responsabilidad, etc. Grégoire de Tours ; texte des manuscrits de Corbie et de Bruxelles ; publie par Henri Omont et Gaston Collon.
250 ## - MENCION DE EDICION
Mención de edición Nouvelle ed. par Renè Poupardin.
260 ## - PUBLICACIÓN, DISTRIBUCIÓN, ETC.
Lugar de publicación, distribución, etc. Paris :
Nombre del editor, distribuidor, etc. [s.n.],
Fecha de publicación, distribución, etc. 1913 (
Fabricante Protat Frères)
300 ## - DESCRIPCIÓN FÍSICA
Extensión XXX, 50 p. ;
Dimensiones 20 cm.
650 #4 - PUNTO DE ACCESO ADICIONAL DE MATERIA--TÉRMINO DE MATERIA
Término de materia o nombre geográfico como elemento de entrada Francos-
Subdivisión general Historia.
9 (RLIN) 146091
651 #4 - PUNTO DE ACCESO ADICIONAL DE MATERIA--NOMBRE GEOGRÁFICO
Nombre geográfico Francia-
Subdivisión general Historia-
Subdivisión cronológica 476-687, Merovingios.
9 (RLIN) 146090
651 ## - PUNTO DE ACCESO ADICIONAL DE MATERIA--NOMBRE GEOGRÁFICO
Nombre geográfico Francia-
Subdivisión general Historia eclesiástica.
9 (RLIN) 153886
700 1# - ENTRADA AGREGADA--NOMBRE PERSONAL
Nombre de persona Henri, Omont.
9 (RLIN) 62568
700 1# - ENTRADA AGREGADA--NOMBRE PERSONAL
Nombre de persona Collon, Gaston.
9 (RLIN) 39752
852 ## - LOCALIZACIÓN
Ubicación ES-MaACL
Número de control de estantería F-2780
Holdings
Estatus retirado Estado de pérdida Estado de daño No para préstamo Biblioteca de origen Biblioteca actual Ubicación en estantería Fecha de adquisición Fuente de adquisición Total de préstamos Signatura topográfica completa Código de barras Visto por última vez Precio de reemplazo Tipo de ítem Koha
        Biblioteca del Ateneo de Madrid Biblioteca del Ateneo de Madrid Depósito 2 17/01/2008     F-2780 1152875 23/02/2023 23/02/2023 Libro impreso